Govt. of
Madhya Pradesh

Cosmic Vistas (Record no. 14165)

MARC details
000 -LEADER
fixed length control field 005090000a22001930004500
001 - CONTROL NUMBER
control field 002252
003 - CONTROL NUMBER IDENTIFIER
control field MACL
005 - DATE AND TIME OF LATEST TRANSACTION
control field 20150816145014.0
008 - FIXED-LENGTH DATA ELEMENTS--GENERAL INFORMATION
fixed length control field 150816b xxu||||| |||| 00| 0 eng d
040 ## - CATALOGING SOURCE
Original cataloging agency MACL
Transcribing agency MACL
041 ## - LANGUAGE CODE
Language code of text/sound track or separate title English
082 ## - DEWEY DECIMAL CLASSIFICATION NUMBER
Classification number 520.09/BAS
100 ## - MAIN ENTRY--PERSONAL NAME
Personal name Basu, Biman
9 (RLIN) 5860
245 ## - TITLE STATEMENT
Title Cosmic Vistas
Remainder of title A Popular History of Astronomy
Statement of responsibility, etc. Biman Basu
260 ## - PUBLICATION, DISTRIBUTION, ETC. (IMPRINT)
Place of publication, distribution, etc. New Delhi
Date of publication, distribution, etc. 2002
Name of publisher, distributor, etc. National Book Trust,
350 ## - PRICE (NR) (BK AM CF MU VM SE) [OBSOLETE]
Price 65
650 ## - SUBJECT ADDED ENTRY--TOPICAL TERM
Topical term or geographic name as entry element Astronomy& allied Science
9 (RLIN) 5877
942 ## - ADDED ENTRY ELEMENTS (KOHA)
Call number prefix 520
Koha item type Books
Source of classification or shelving scheme
Holdings
Withdrawn status Lost status Source of classification or shelving scheme Damaged status Not for loan Home library Current library Date acquired Cost, normal purchase price Total Checkouts Total Renewals Full call number Barcode Date last seen Date last checked out Uniform Resource Identifier Price effective from Koha item type
          MACL MACL 15/04/2015 65.00 1 1 520.09/BAS CRE018068 02/05/2024 08/12/2015 14047 15/04/2015 Books